| 000 | 00650pam a2200193 4500 | ||
|---|---|---|---|
| 001 | 1768 | ||
| 005 | 20181127163949.0 | ||
| 008 | 840315s1984 nyua 001 0 eng | ||
| 010 | _a 84006569 | ||
| 020 | _a0030704421 (pbk.) | ||
| 100 | 1 | _aChien, Chao. | |
| 245 | 1 | 0 |
_aProgramming the IBM personal computer : _bassembly language / _cChao C. Chien. |
| 260 |
_aNew York : _bHolt, Rinehart, and Winston, _cc1984. |
||
| 300 |
_axiv, 299 p. : _bill. ; _c24 cm. |
||
| 500 | _aIncludes index. | ||
| 650 | 0 | _aAssembler language (Computer program language) | |
| 650 | 0 |
_aIBM Personal Computer _xProgramming. |
|
| 740 | 0 | _aProgramming the I.B.M. personal computer. | |
| 999 |
_c1343 _d1343 |
||